Desenterrando o passado / (Record no. 133)

MARC details
000 -LÍDER
campo de controle de tamanho fixo 01244nam a2200313 4500
001 - NÚMERO DE CONTROLE
campo de controle 133
003 - IDENTIFICADOR DO NÚMERO DE CONTROLE
campo de controle OSt
005 - DATA E HORÁRIO DA ÚLTIMA TRANSAÇÃO
campo de controle 20250207104518.0
008 - CAMPO DE DADOS FIXOS--INFORMAÇÃO GERAL
campo de controle de tamanho fixo 250128b |||||||g |||| 00| 0 eng d
040 ## - FONTE DA CATALOGAÇÃO
Idioma da catalogação por
041 ## - CÓDIGO DE IDIOMA
Código do idioma do original e/ou traduções intermediárias do texto eng
Código do idioma do texto/trilha sonora ou título diferente por
082 ## - CDD - CLASSIFICAÇÃO DECIMAL DE DEWEY
Número de Classificação 920
Número do exemplar C555d
100 1# - ENTRADA PRINCIPAL--NOME PESSOAL
Nome pessoal Christie, Agatha,
Datas associadas ao nome 1890-1976
9 (RLIN) 268
240 ## - TÍTULO UNIFORME
Título uniforme Come, tell me how you live
245 ## - TÍTULO
Título Desenterrando o passado /
Indicação de responsabilidade, etc. Christie, Agatha ; Tradução de Cora Rónai Vieira
250 ## - EDIÇÃO
Declaração de edição 3° edição
260 ## - PUBLICAÇÃO, DISTRIBUIÇÃO, ETC.
Local de publicação, distribuição, etc. Rio de Janeiro
Nome do editor, distribuidor, etc. Nova Fronteira
Data da publicação, distribuição, etc. 1976
300 ## - DESCRIÇÃO FÍSICA
Extensão 204 p.
520 ## - NOTA DE RESUMO, ETC.
Resumo, etc. A autora narra o trabalho do marido, um dos maiores arqueólogos do nosso tempo, Max Mallowan, e suas implicações para a vida de ambos. A história começa alguns anos antes da Segunda Guerra Mundial, quando o casal visita o Iraque e a Síria. Agatha Christie faz uma crônica dessa experiência e relata de forma divertida como se vive enquanto se desenterra o passado do Oriente Médio
650 #0 - ASSUNTO--TERMO TÓPICO
Cabeçalho tópico ou nome geográfico Literatura Inglesa
9 (RLIN) 89
650 #0 - ASSUNTO--TERMO TÓPICO
Cabeçalho tópico ou nome geográfico Fatos Reais
9 (RLIN) 33
650 #0 - ASSUNTO--TERMO TÓPICO
Cabeçalho tópico ou nome geográfico Viagens
9 (RLIN) 189
650 #0 - ASSUNTO--TERMO TÓPICO
Cabeçalho tópico ou nome geográfico Experiência de vida
9 (RLIN) 188
650 #0 - ASSUNTO--TERMO TÓPICO
Cabeçalho tópico ou nome geográfico Humor
9 (RLIN) 60
650 #0 - ASSUNTO--TERMO TÓPICO
Cabeçalho tópico ou nome geográfico História
9 (RLIN) 116
655 #0 - TERMO DE ÍNDICE--GÊNERO E FORMA
Gênero/forma/ou termo foco Biografia
700 ## - ENTRADA ADICIONADA - NOME PESSOAL
Nome pessoal Cora Rónai Vieira
Função do autor por extenso Tradutor
9 (RLIN) 281
942 ## - ELEMENTOS DE ENTRADA ADICIONADOS (KOHA)
Fonte de classificação ou esquema de arquivamento Classificação decimal de Dewey
Ocultar no OPAC Não
Tipo de material Koha Livros
Holdings
Situação do descarte Situação das perdas Fonte de classificação ou esquema de arquivamento Status danificado Não pode ser emprestado Coleção Biblioteca de origem Biblioteca atual Localização na estante Data de aquisição Fonte de aquisição Total de empréstimos Número de chamada completo Código de barras Data de último acesso Data do preço efetivo Tipo de material Koha
    Classificação decimal de Dewey     Biografia Biblioteca Professor Eduardo Afonso de Castro Biblioteca Professor Eduardo Afonso de Castro Literatura Estrangeira 12.01.2021 doação   920 / C555d 2025-16525 28.01.2025 28.01.2025 Livros

Powered by Koha